000 00296nam a22001337a 4500
008 170622b xxu||||| |||| 00| 0 eng d
020 _a9780814715390
041 _aeng
080 _a32
100 _a20
101 _aSHP
245 _aRELIGION IN THE SOVIET UNION
_cCORLEY, F
942 _2udc
_cBK
999 _c18606
_d18606